| 000 | 00488 a2200169 4500 | ||
|---|---|---|---|
| 020 | _a9788131710265 | ||
| 082 | _a629.895 | ||
| 090 |
_c7261 _d7261 |
||
| 100 | _aMuhammad Ali Mazidi | ||
| 245 |
_aThe 8051 microcontroller and embedded systems using assembly and C _cMuhammad Ali Mazidi |
||
| 250 | _a2nd ed. | ||
| 260 |
_aNew Delhi. _bPearson _c2006 |
||
| 300 |
_axii, 547p.: _bill.; _c25cm. |
||
| 700 | _aJanice Gillispie Mazidi | ||
| 700 | _aRolin D. McKinlay | ||
| 942 |
_cBK _k629.895 MAZ |
||
| 999 |
_c11064 _d11064 |
||